| 000 | 00780nam a22002057a 4500 | ||
|---|---|---|---|
| 999 |
_c19742 _d19742 |
||
| 003 | AR-CdUCM | ||
| 008 | 190521b ||||| |||| 00| 0 spa d | ||
| 040 |
_aMUNICIPALIDAD PROVINCIAL DEL CUSCO _cBIBLIOTECA MUNICIPAL DEL CUSCO |
||
| 082 |
_a320.9285 / _bT89 |
||
| 100 |
_aTuesta Soldevilla, Fernand _941290 |
||
| 245 |
_aPerú político en cifras : _bélite política y elecciones / |
||
| 260 |
_aLima : _bFundación Friedrich Ebert, _c1987. |
||
| 300 |
_a341 páginas ; _bDiagramas, _c21 cm. |
||
| 505 | _aContenido: Élite política -- Resultados electorales (1931-1986) -- Constitución del Perú -- Partidos políticos en el Perú... | ||
| 650 |
_aElecciones _91677 |
||
| 650 |
_aHistoria _9136 |
||
| 650 |
_aSiglo XX _98 |
||
| 942 |
_2ddc _cLIBROS |
||
| 945 |
_adavv _d2019-05-21 |
||